000 02032nam a2200277Ia 4500
999 _c55264
_d55264
001 22340
003 GE_BSU
005 20230310150701.0
008 181216s||||||||xx |||||||||||||| ||und||
020 _a99940-31-19-8
040 _cGE_BSU
041 _ageo
080 _a821.124-54 ც-77
100 _aციცერონი, მარკუს ტულიუს
_915557
245 _aსიტყვები = Orationes :
_bროსციუსის დასაცავად, კატილინას წინააღმდეგ, მურენას დასაცავად, ლიგარიუსის დასაცავად /
_cმარკუს ტულიუს ; ლათ. თარგმნა შესავ. წერილი და კომენტ. დაურთო იამზე გაგუამ ; რედ. თ. გიორგობიანი.
264 _aთბილისი :
_bპროგრამა "ლოგოსი,
_c2005.
300 _a160 გვ. ;
_c20 სმ.
490 _aპროგრამა "ლოგოსი"
500 _aპუბლიკაციები და ღონისძიებები კლასიკური ფილოლოგიის, ბიზანტინისტიკისა და ნეოგრეცისტიკის სფეროში
541 _h12 ლ.
653 _aროსციუსის დასაცავად, კატილინას წინააღმდეგ, მურენას დასაცავად, ლიგარიუსის დასაცავად
653 _aსიტყვები = Orationes
700 _a გიორგობიანი, თ.
_eრედაქტორი
_917165
710 _4თსუ
_bკლასიკური ფილოლოგიის, ბიზანტინისტისა და ნეოგრეცისტიკის ინსტიტუტი
_917166
942 _cBK
_2udc